| 000 | 00636nam a2200229Ia 4500 | ||
|---|---|---|---|
| 001 | 15877 | ||
| 003 | GE_BSU | ||
| 008 | 181216s||||||||xx |||||||||||||| ||und|| | ||
| 040 | _cGE_BSU | ||
| 080 | _a821.353.1-31 | ||
| 100 | _aჭეიშვილი, რეზო | ||
| 245 | _aდალი | ||
| 245 | _bრომანი | ||
| 245 | _cრედ.ც.ჩხაიძე. მხატვ.ჯ.ჭანიშვილი | ||
| 260 | _aთბილისი | ||
| 260 | _bნაკადული | ||
| 260 | _c1976 | ||
| 300 | _a319გვ. ; 16სმ. | ||
| 653 | _aდალი | ||
| 653 | _aრომანი | ||
| 942 | _cBK | ||
| 999 |
_c48973 _d48973 |
||